LEADER 01285nam2-2200385li-450 001 990000240350203316 005 20180312154749.0 010 $a981-02-1317-4 035 $a0024035 035 $aUSA010024035 035 $a(ALEPH)000024035USA01 035 $a0024035 100 $a20001109d1993----km-y0itay0103----ba 101 0 $aeng 102 $aSG 200 1 $aQuantum mechanical irreversibilityand measurement$fP. Grigolini 210 $aSIngapore [etc.]$cWorld Scientific$dcopyr. 1993 215 $aXIV, 406 p.$cill.$d22 cm 225 2 $aWorld scientific series in contemporary chemical physics$v3 410 0$10010024033$12001$aWorld scientific series in contemporary chemical physics 610 1 $ameccanica quantistica 610 1 $amisurazioni 676 $a53012$9Meccanica quantistica (Teoria dei quanti) 700 1$aGrigolini,$bP.$0348197 801 $aSistema bibliotecario di Ateneo dell' Università di Salerno$gRICA 912 $a990000240350203316 951 $a530.12 GRI$b0016145 959 $aBK 969 $aSCI 979 $c19941010 979 $c20001110$lUSA01$h1715 979 $c20020403$lUSA01$h1632 979 $aPATRY$b90$c20040406$lUSA01$h1617 996 $aQuantum mechanical irreversibilityand measurement$91492456 997 $aUNISA LEADER 01617nam 2200457 450 001 9910703824903321 005 20150804081240.0 035 $a(CKB)5470000002435485 035 $a(OCoLC)915561784 035 $a(EXLCZ)995470000002435485 100 $a20150804d2006 ua 0 101 0 $aspa 135 $aurcn||||||||| 181 $ctxt$2rdacontent 182 $cc$2rdamedia 183 $acr$2rdacarrier 200 10$a[Cribado del ca?ncer - mama, cuello uterino y colorrectal] 210 1$a[Bethesda, Md.] :$cDepartment of Health and Human Services, National Institutes of Health, National Cancer Institute, Health Information National Trends Survey,$d2006. 215 $a1 online resource (2 unnumbered pages) $ccolor illustrations 225 1 $aBreves de hints ;$vnu?mero 3 300 $aTitle from title screen (viewed Aug. 4, 2015). 300 $a"Agosto 2006." 320 $aIncludes bibliographical references. 606 $aBreast$xCancer$xDiagnosis 606 $aCervix uteri$xCancer$xDiagnosis 606 $aRectum$xCancer 606 $aHuman behavior$vStatistics 606 $aHealth risk communication 608 $aStatistics.$2lcgft 615 0$aBreast$xCancer$xDiagnosis. 615 0$aCervix uteri$xCancer$xDiagnosis. 615 0$aRectum$xCancer. 615 0$aHuman behavior 615 0$aHealth risk communication. 712 02$aHealth Information National Trends Survey, 801 0$bGPO 801 1$bGPO 906 $aBOOK 912 $a9910703824903321 996 $aCribado del ca?ncer - mama, cuello uterino y colorrectal$93485068 997 $aUNINA